[Event "Norrkoeping Easter op"]
[Site "Norrkoeping"]
[Date "2024.03.31"]
[Round "7"]
[White "Seiger, Vidar"]
[Black "Thorsbro, Peter"]
[Result "1/2-1/2"]
[WhiteElo "2086"]
[BlackElo "2148"]
[PlyCount "109"]
[EventDate "2024.03.29"]
[EventType "swiss"]
[EventRounds "8"]
[EventCountry "SWE"]
[SourceTitle "CB14_2024"]
[SourceDate "2024.04.01"]
[SourceVersion "1"]
[SourceVersionDate "2024.04.01"]
[SourceQuality "1"]

1. Nf3 d5 2. g3 c5 3. Bg2 Nc6 4. d4 Nf6 5. 0-0 cxd4 6. Nxd4 e5 7. Nxc6 bxc6 8. c4 Be6 9. Nc3 Qd7 10. Qa4 Rc8 11. Bg5 d4 12. Rad1 Be7 13. e3 0-0 14. exd4 exd4 15. Ne2 c5 16. Qxd7 Bxd7 17. Nf4 Rfe8 18. Rfe1 h6 19. Bxf6 Bxf6 20. Nd5 Be5 21. b3 Bg4 22. f3 Bf5 23. f4 Bd6 24. Kf2 Kf8 25. Bf3 Rxe1 26. Rxe1 Re8 27. Rxe8+ Kxe8 28. Ke1 Bb1 29. a3 Ba2 30. Bd1 a5 31. Nb6 Bb1 32. Kd2 Be4 33. Bc2 f5 34. Na4 g5 35. fxg5 hxg5 36. Nb2 Kf7 37. Nd3 Kg6 38. Nf2 Bf3 39. g4 Bf4+ 40. Ke1 Bxh2 41. Bxf5+ Kf6 42. Be4 Bxe4 43. Nxe4+ Ke5 44. Nxg5 Bf4 45. Nf7+ Ke4 46. Nd8 Bc1 47. a4 Ba3 48. Nc6 Kf4 49. Ke2 Kxg4 50. Nxa5 Kf5 51. Kd3 Ke6 52. Ke4 Kd6 53. b4 Bxb4 54. Nb3 Kc6 55. Kd3 1/2-1/2

[Event "Copenhagen Obro CXU New Year op"]
[Site "Copenhagen"]
[Date "2023.12.27"]
[Round "1"]
[White "Moller, Arne Vagn"]
[Black "Thorsbro, Peter"]
[Result "0-1"]
[WhiteElo "1850"]
[BlackElo "2167"]
[PlyCount "70"]
[EventDate "2023.12.27"]
[EventType "swiss"]
[EventRounds "7"]
[EventCountry "DEN"]
[SourceTitle "CB01_2024"]
[SourceDate "2024.01.03"]
[SourceVersion "1"]
[SourceVersionDate "2024.01.03"]
[SourceQuality "1"]

1. e4 e5 2. Nf3 Nc6 3. Bb5 a6 4. Ba4 Nf6 5. 0-0 b5 6. Bb3 Be7 7. Re1 0-0 8. c3 d6 9. h3 Bb7 10. d3 Nb8 11. Nbd2 Nbd7 12. Nf1 c5 13. Ng3 Rc8 14. a4 c4 15. Bc2 cxd3 16. Bxd3 bxa4 17. Rxa4 Nc5 18. Ra1 d5 19. Bc2 dxe4 20. Qxd8 Rfxd8 21. Nxe5 Bd6 22. Nc4 Bxg3 23. fxg3 Nd3 24. Bxd3 exd3 25. b3 Rxc4 26. bxc4 d2 27. Bxd2 Rxd2 28. Re7 Rxg2+ 29. Kf1 Rb2 30. Rd1 g6 31. Ke1 Bf3 32. Rd6 Ne4 33. Rxe4 Bxe4 34. Rxa6 Bd3 35. Ra4 Re2+ 0-1

[Event "Maia op 7th"]
[Site "Maia"]
[Date "2023.08.28"]
[Round "4"]
[White "Thorsbro, Peter"]
[Black "Sokolovsky, Yahli"]
[Result "0-1"]
[WhiteElo "2181"]
[BlackElo "2464"]
[PlyCount "76"]
[EventDate "2023.08.25"]
[EventType "swiss"]
[EventRounds "9"]
[EventCountry "POR"]
[SourceTitle "EXT 2024"]
[Source "ChessBase"]
[SourceDate "2023.10.10"]
[SourceVersion "1"]
[SourceVersionDate "2023.10.10"]
[SourceQuality "1"]

1. d4 Nf6 2. Nf3 g6 3. g3 Bg7 4. Bg2 d6 5. 0-0 0-0 6. c4 c6 7. Nc3 Bf5 8. Nh4 Be6 9. d5 cxd5 10. cxd5 Bd7 11. Be3 a5 12. Qd2 Na6 13. h3 b5 14. Kh2 Nc5 15. Bxc5 dxc5 16. e4 b4 17. Nd1 Bb5 18. Re1 e6 19. Ne3 Rc8 20. d6 e5 21. Nhf5 gxf5 22. Nxf5 Nd7 23. Ne7+ Kh8 24. Nxc8 Qxc8 25. Rac1 Re8 26. h4 Re6 27. Bh3 Bh6 28. f4 exf4 29. gxf4 Rf6 30. Bf5 Qd8 31. Kh3 Ne5 32. Rxc5 Rxd6 33. Qc1 Nd3 34. Rc8 Nxc1 35. Rexc1 Bxf4 36. R1c5 Qxc8 37. Rxc8+ Kg7 38. Kg4 Be5 0-1

[Event "Koge Lang Sommer 4th"]
[Site "Koge"]
[Date "2023.07.12"]
[Round "1"]
[White "Thorsbro, Peter"]
[Black "Bhagat, Kush"]
[Result "0-1"]
[WhiteElo "2202"]
[BlackElo "2184"]
[PlyCount "77"]
[EventDate "2023.07.12"]
[EventType "tourn"]
[EventRounds "9"]
[EventCountry "DEN"]
[SourceTitle "EXT 2024"]
[Source "ChessBase"]
[SourceDate "2023.10.10"]
[SourceVersion "1"]
[SourceVersionDate "2023.10.10"]
[SourceQuality "1"]

1. d4 Nf6 2. c4 g6 3. g3 Bg7 4. Bg2 0-0 5. Nc3 d6 6. Nf3 Nbd7 7. 0-0 e5 8. e4 c6 9. h3 Qb6 10. c5 dxc5 11. dxe5 Ne8 12. e6 fxe6 13. Ng5 Ne5 14. f4 Nf7 15. Nxf7 Bd4+ 16. Kh2 Rxf7 17. e5 Nc7 18. Ne4 Nd5 19. a4 a5 20. h4 Qd8 21. Ra3 b6 22. Raf3 Raa7 23. Ng5 Rf8 24. Re1 b5 25. h5 gxh5 26. Bh3 Qe8 27. f5 exf5 28. e6 Qg6 29. axb5 cxb5 30. Qb3 Ne7 31. Qxb5 Ra6 32. Qd3 h6 33. Nf7 Rxe6 34. Nxh6+ Kg7 35. Ref1 Ref6 36. Qe2 Nc6 37. Qc2 f4 38. Qd3 Qf5 39. Qxf5 0-1

[Event "DEN-ch Blitz op"]
[Site "Avedore"]
[Date "2023.05.14"]
[Round "13"]
[White "Nielsen, Jan Mose"]
[Black "Thorsbro, Peter"]
[Result "1/2-1/2"]
[WhiteElo "1993"]
[BlackElo "2165"]
[PlyCount "142"]
[EventDate "2023.05.14"]
[EventType "swiss (blitz)"]
[EventRounds "13"]
[EventCountry "DEN"]
[SourceTitle "CBM 214 Extra"]
[Source "ChessBase"]
[SourceDate "2023.07.31"]
[SourceVersion "1"]
[SourceVersionDate "2023.07.31"]
[SourceQuality "1"]

1. d4 d5 2. Nf3 e6 3. Bg5 Be7 4. h4 h6 5. Bf4 Bd6 6. e3 Bxf4 7. exf4 c5 8. c3 Nc6 9. g3 Nf6 10. Bb5 0-0 11. 0-0 Qb6 12. a4 cxd4 13. Nxd4 Nxd4 14. Qxd4 Qxd4 15. cxd4 Bd7 16. Bd3 Rfc8 17. Nc3 Rc7 18. Rfe1 Rac8 19. Ra3 a6 20. Kg2 Ne8 21. f5 Nd6 22. fxe6 Bxe6 23. Rb3 Nc4 24. Bxc4 Rxc4 25. Rxb7 Rxd4 26. Rb6 Rd2 27. Re2 Rxe2 28. Nxe2 Rc4 29. a5 d4 30. Rd6 d3 31. Rxd3 Ra4 32. Ra3 Rb4 33. Nf4 Bc4 34. Rc3 Bb5 35. b3 g5 36. hxg5 hxg5 37. Nd5 Rd4 38. Nc7 Bd3 39. Kf3 Bf5 40. Nxa6 g4+ 41. Ke3 Re4+ 42. Kd2 Be6 43. Nc5 Re5 44. Nd3 Rxa5 45. Ke3 Ra3 46. Nf4 Rxb3 47. Rxb3 Bxb3 48. Nh5 Be6 49. Kf4 Kh7 50. Nf6+ Kg6 51. Nxg4 f6 52. Ne3 Kf7 53. f3 Kg6 54. g4 Kf7 55. Nf5 Kg6 56. Nd4 Bd7 57. Kg3 Kf7 58. f4 Kg6 59. f5+ Kg5 60. Nf3+ Kh6 61. Kf4 Bc6 62. Nd4 Bd7 63. Nb3 Kg7 64. Nc5 Bc8 65. Ne6+ Kf7 66. Nc5 Ke7 67. Ne4 Bb7 68. g5 fxg5+ 69. Nxg5 Kf6 70. Ne4+ Bxe4 71. Kxe4 Kf7 1/2-1/2

[Event "DEN-ch Blitz op"]
[Site "Avedore"]
[Date "2023.05.14"]
[Round "11"]
[White "Thorsbro, Peter"]
[Black "Zander, Emil"]
[Result "1/2-1/2"]
[WhiteElo "2165"]
[BlackElo "2165"]
[PlyCount "108"]
[EventDate "2023.05.14"]
[EventType "swiss (blitz)"]
[EventRounds "13"]
[EventCountry "DEN"]
[SourceTitle "CBM 214 Extra"]
[Source "ChessBase"]
[SourceDate "2023.07.31"]
[SourceVersion "1"]
[SourceVersionDate "2023.07.31"]
[SourceQuality "1"]

1. d4 Nf6 2. Nf3 d5 3. g3 c5 4. Bg2 cxd4 5. 0-0 h6 6. b3 Bg4 7. Ne5 Bf5 8. Bb2 e6 9. Bxd4 Be7 10. c4 0-0 11. cxd5 exd5 12. Nd2 Nc6 13. Nxc6 bxc6 14. Rc1 Rc8 15. Nf3 c5 16. Bb2 Be4 17. Qd2 Qb6 18. e3 Rfd8 19. Rfd1 Qb7 20. Nh4 Bxg2 21. Nxg2 Ne4 22. Qe2 Bf6 23. Bxf6 Nxf6 24. Nf4 d4 25. exd4 cxd4 26. Rxc8 Qxc8 27. Qe5 Qc2 28. Qe2 Rc8 29. Rxd4 Qxe2 30. Nxe2 Rc2 31. Rd8+ Kh7 32. Nf4 Rxa2 33. Rd4 a5 34. h3 Rb2 35. Ra4 Rxb3 36. Rxa5 g5 37. Ne2 Kg6 38. Ra4 Nd5 39. Kg2 f6 40. Nd4 Rb4 41. Rxb4 Nxb4 42. Kf3 Nd3 43. Ne2 f5 44. Ke3 Ne5 45. f4 Nc6 46. Nd4 Ne7 47. Ne6 Kf6 48. Nc7 gxf4+ 49. Kxf4 Ng6+ 50. Ke3 Ke5 51. Kf3 f4 52. Ne8 fxg3 53. Kxg3 Nf4 54. Kg4 Nxh3 1/2-1/2

[Event "DEN-ch Rapid op"]
[Site "Avedore"]
[Date "2023.05.13"]
[Round "5"]
[White "Thorsbro, Peter"]
[Black "Fedder, Steen"]
[Result "0-1"]
[WhiteElo "2165"]
[BlackElo "2380"]
[PlyCount "88"]
[EventDate "2023.05.13"]
[EventType "swiss (rapid)"]
[EventRounds "7"]
[EventCountry "DEN"]
[SourceTitle "CBM 214 Extra"]
[Source "ChessBase"]
[SourceDate "2023.07.31"]
[SourceVersion "1"]
[SourceVersionDate "2023.07.31"]
[SourceQuality "1"]

1. d4 d5 2. Nf3 Nf6 3. g3 Bf5 4. Bg2 e6 5. 0-0 h6 6. c4 c6 7. Nc3 Bd6 8. Nd2 Bc7 9. e4 dxe4 10. Ndxe4 Nxe4 11. Nxe4 0-0 12. Qb3 Bxe4 13. Bxe4 Qxd4 14. Qxb7 Qxe4 15. Qxa8 Nd7 16. Qxa7 Ne5 17. f4 Ng4 18. h3 Qd3 19. Kg2 Qe2+ 20. Rf2 Nxf2 21. Qxf2 Qxc4 22. Be3 Ra8 23. b3 Qe4+ 24. Qf3 Qc2+ 25. Qf2 Qe4+ 26. Kh2 Rd8 27. Re1 Ba5 28. Re2 Rd1 29. Qg2 Qd3 30. Bc5 Qb5 31. Rc2 Rd5 32. Qf2 Bb4 33. Be3 c5 34. Qe2 Qd7 35. Qa6 Rd3 36. Qa8+ Kh7 37. Qe4+ f5 38. Qe5 Rd1 39. Kg2 Qc6+ 40. Kf2 Qh1 41. g4 Qf1+ 42. Kg3 Be1+ 43. Bf2 Bxf2+ 44. Rxf2 Rd3+ 0-1

[Event "DEN-ch Rapid op"]
[Site "Avedore"]
[Date "2023.05.13"]
[Round "3"]
[White "Thorsbro, Peter"]
[Black "Ostergaard, Jens"]
[Result "1-0"]
[WhiteElo "2165"]
[BlackElo "2278"]
[PlyCount "153"]
[EventDate "2023.05.13"]
[EventType "swiss (rapid)"]
[EventRounds "7"]
[EventCountry "DEN"]
[SourceTitle "CBM 214 Extra"]
[Source "ChessBase"]
[SourceDate "2023.07.31"]
[SourceVersion "1"]
[SourceVersionDate "2023.07.31"]
[SourceQuality "1"]

1. d4 Nf6 2. Nf3 g6 3. g3 Bg7 4. Bg2 0-0 5. 0-0 d6 6. c4 Nc6 7. Nc3 a6 8. h3 Rb8 9. e4 b5 10. Qe2 Na5 11. cxb5 axb5 12. Rd1 b4 13. Nd5 c6 14. Nxf6+ Bxf6 15. Bh6 Bg7 16. Bxg7 Kxg7 17. Rac1 Qb6 18. b3 Bd7 19. e5 d5 20. Ng5 e6 21. h4 Rbc8 22. Qf3 Qd8 23. Nh3 h5 24. Qe3 Qe7 25. Bf1 Nb7 26. Ba6 Rc7 27. Rd2 Ra8 28. Bxb7 Rxb7 29. Rdc2 Rba7 30. Qd2 Qd8 31. Qxb4 Rxa2 32. Rxa2 Rxa2 33. Qd6 Qe8 34. b4 Ra7 35. Nf4 Qf8 36. Qxf8+ Kxf8 37. Nd3 Ke7 38. Rc3 Ra4 39. Kg2 Ra1 40. Kf3 Kd8 41. Kf4 Ke7 42. Kg5 Be8 43. Kh6 Kf8 44. Kg5 Ke7 45. Kf4 Bd7 46. f3 Be8 47. g4 hxg4 48. fxg4 Rh1 49. Kg5 Rh3 50. Ra3 Kf8 51. h5 gxh5 52. gxh5 Kg7 53. Kg4 Re3 54. Kf4 Re4+ 55. Kg5 Re3 56. h6+ Kh7 57. Kf6 c5 58. bxc5 Bb5 59. Kxf7 Bxd3 60. Ke7 Kxh6 61. c6 Rg3 62. c7 Rg7+ 63. Kd8 Bf5 64. c8Q Rg8+ 65. Kc7 Rxc8+ 66. Kxc8 Kg5 67. Rf3 Kg4 68. Rf1 Bd3 69. Rf2 Kg3 70. Rf6 Bf5 71. Rxf5 exf5 72. e6 f4 73. e7 f3 74. e8Q f2 75. Qe5+ Kg4 76. Qf6 Kg3 77. Kd7 1-0

[Event "Copenhagen Obro New Year op"]
[Site "Copenhagen"]
[Date "2022.12.28"]
[Round "4"]
[White "Nielsen, Kenneth Moller"]
[Black "Thorsbro, Peter"]
[Result "0-1"]
[WhiteElo "1705"]
[BlackElo "2193"]
[PlyCount "44"]
[EventDate "2022.12.27"]
[EventType "swiss"]
[EventRounds "7"]
[EventCountry "DEN"]
[SourceTitle "CBM 211 Extra"]
[Source "ChessBase"]
[SourceDate "2023.01.31"]
[SourceVersion "1"]
[SourceVersionDate "2023.01.31"]
[SourceQuality "1"]

1. e4 c5 2. Nf3 e6 3. d4 cxd4 4. Nxd4 a6 5. Nc3 b5 6. Bd3 Bb7 7. Nce2 Qc7 8. Bf4 e5 9. Bg3 Qa5+ 10. b4 Bxb4+ 11. Kf1 exd4 12. Nxd4 Bc3 13. Nb3 Qb6 14. Rb1 Ne7 15. h4 d5 16. e5 Nd7 17. Qg4 Nxe5 18. Qxg7 Rg8 19. Qxh7 Rxg3 20. fxg3 Ng4 21. Ke2 Qe3+ 22. Kd1 Nf2# 0-1

[Event "Odense-ch"]
[Site "Odense"]
[Date "2022.10.14"]
[Round "2"]
[White "Nilssen, Ellen Fredericia"]
[Black "Thorsbro, Peter"]
[Result "1/2-1/2"]
[WhiteElo "2171"]
[BlackElo "2226"]
[PlyCount "136"]
[EventDate "2022.10.14"]
[EventType "swiss"]
[EventRounds "5"]
[EventCountry "DEN"]
[SourceTitle "CBM 210 Extra"]
[Source "ChessBase"]
[SourceDate "2022.11.30"]
[SourceVersion "1"]
[SourceVersionDate "2022.11.30"]
[SourceQuality "1"]

1. d4 Nf6 2. c4 e6 3. Nf3 d5 4. Nc3 c6 5. e3 Bd6 6. Qc2 0-0 7. Bd3 Nbd7 8. 0-0 dxc4 9. Bxc4 b5 10. Bd3 Bb7 11. e4 e5 12. h3 a6 13. dxe5 Nxe5 14. Nxe5 Bxe5 15. Be3 Rc8 16. Bc5 Bd6 17. e5 Bxc5 18. exf6 g6 19. Ne4 Bd4 20. Rad1 c5 21. b4 cxb4 22. Qd2 Bxe4 23. Bxe4 Bc3 24. Qf4 Qxf6 25. Qxf6 Bxf6 26. Rd6 Rc4 27. Rxf6 Rxe4 28. Rxa6 Rc8 29. Rb6 Rc2 30. Rxb5 Rxa2 31. Rb1 Ree2 32. R1xb4 Rxf2 33. Rg4 h5 34. Rg3 Kg7 35. Rb7 Kh6 36. h4 Rf4 37. Rf3 Rxf3 38. gxf3 Kg7 39. Rb4 Kf6 40. Rc4 Kf5 41. Rb4 f6 42. Rc4 g5 43. hxg5 Kxg5 44. Rb4 f5 45. Rc4 h4 46. Rb4 h3 47. Rc4 Rg2+ 48. Kh1 Rf2 49. Kg1 Rxf3 50. Kh2 f4 51. Rc8 Ra3 52. Rb8 Kg4 53. Rg8+ Kf3 54. Rb8 Ra2+ 55. Kxh3 Kf2 56. Rb1 f3 57. Kh2 Rd2 58. Ra1 Rd8 59. Ra2+ Ke3 60. Ra3+ Rd3 61. Ra8 Rd2+ 62. Kg3 Rg2+ 63. Kh3 Rg7 64. Ra3+ Ke2 65. Ra2+ Ke1 66. Ra1+ Ke2 67. Ra2+ Ke1 68. Ra1+ Ke2 1/2-1/2

[Event "Koge Lang Sommer 3rd"]
[Site "Koge"]
[Date "2022.07.09"]
[Round "8"]
[White "Meskenas, Paulius"]
[Black "Thorsbro, Peter"]
[Result "1-0"]
[WhiteElo "2168"]
[BlackElo "2171"]
[PlyCount "83"]
[EventDate "2022.07.06"]
[EventType "tourn"]
[EventRounds "9"]
[EventCountry "DEN"]
[SourceTitle "CBM 209 Extra"]
[Source "ChessBase"]
[SourceDate "2022.09.30"]
[SourceVersion "1"]
[SourceVersionDate "2022.09.30"]
[SourceQuality "1"]

1. e4 e5 2. Nf3 Nc6 3. d4 exd4 4. Nxd4 Nf6 5. Nxc6 bxc6 6. e5 Qe7 7. Qe2 Nd5 8. c4 Nb6 9. b3 a5 10. Ba3 Qg5 11. Bxf8 Qc1+ 12. Qd1 Qxd1+ 13. Kxd1 Kxf8 14. Nc3 d5 15. exd6 cxd6 16. Bd3 Be6 17. Be4 d5 18. cxd5 cxd5 19. Bd3 Ke7 20. Kd2 a4 21. Nb5 Rhc8 22. Rhc1 Rxc1 23. Rxc1 axb3 24. axb3 Ra2+ 25. Ke3 Rb2 26. Nd4 Nd7 27. Ra1 Ne5 28. Bc2 Kf6 29. Kd2 Ng4 30. f3 Ke5 31. Kc3 Rxc2+ 32. Nxc2 Nf6 33. Nd4 Nd7 34. Ra7 Kd6 35. Ra6+ Ke5 36. b4 h5 37. f4+ Kxf4 38. Nxe6+ fxe6 39. Rxe6 g5 40. Kd4 h4 41. Rd6 Ne5 42. Rf6+ 1-0

[Event "Copenhagen-ch Bronshoj op"]
[Site "Copenhagen"]
[Date "2022.02.14"]
[Round "6"]
[White "Nielsen, Thomas Bach"]
[Black "Thorsbro, Peter"]
[Result "1/2-1/2"]
[WhiteElo "2170"]
[BlackElo "2199"]
[PlyCount "39"]
[EventDate "2022.02.11"]
[EventType "swiss"]
[EventRounds "7"]
[EventCountry "DEN"]
[SourceTitle "EXT 2024"]
[Source "ChessBase"]
[SourceDate "2023.10.10"]
[SourceVersion "1"]
[SourceVersionDate "2023.10.10"]
[SourceQuality "1"]

1. d4 d5 2. c4 e6 3. Nc3 a6 4. cxd5 exd5 5. Nf3 Nf6 6. Bg5 Be6 7. e3 Nbd7 8. Bd3 c6 9. 0-0 Bd6 10. e4 dxe4 11. Nxe4 Be7 12. Ng3 h6 13. Bf4 Nd5 14. Qd2 Nxf4 15. Qxf4 Qb8 16. Ne5 Qc7 17. Nf5 Bf6 18. Ng6 Qxf4 19. Nxf4 0-0 20. Nxe6 1/2-1/2

[Event "Copenhagen-ch Bronshoj op"]
[Site "Copenhagen"]
[Date "2022.02.12"]
[Round "3"]
[White "Thorsbro, Peter"]
[Black "Iskos, Lukas"]
[Result "0-1"]
[WhiteElo "2199"]
[BlackElo "2064"]
[PlyCount "128"]
[EventDate "2022.02.11"]
[EventType "swiss"]
[EventRounds "7"]
[EventCountry "DEN"]
[SourceTitle "EXT 2024"]
[Source "ChessBase"]
[SourceDate "2023.10.10"]
[SourceVersion "1"]
[SourceVersionDate "2023.10.10"]
[SourceQuality "1"]

1. d4 d5 2. c4 e6 3. Nc3 Nf6 4. cxd5 exd5 5. Bg5 Be7 6. e3 0-0 7. Bd3 h6 8. Bh4 b6 9. Nf3 Bb7 10. 0-0 Nbd7 11. Rc1 Rc8 12. Bg3 Nh5 13. Be5 f6 14. Bxc7 Rxc7 15. Bg6 f5 16. Bxh5 Bd6 17. Qb3 Kh7 18. Ne5 Nxe5 19. dxe5 Bxe5 20. Bf3 d4 21. exd4 Bxf3 22. dxe5 Qg5 23. g3 Rfc8 24. Rce1 Qg4 25. Nd5 Rc4 26. Ne7 R8c7 27. h3 Qh5 28. Re3 Bb7 29. Qd3 Be4 30. Rxe4 fxe4 31. Qd5 Qe8 32. b3 R7c5 33. Qb7 Rd4 34. Nf5 Qd7 35. Qxd7 Rxd7 36. e6 Rd8 37. g4 g6 38. Ng3 Re5 39. Re1 Rd4 40. Rc1 Rxe6 41. Rc7+ Kg8 42. Rxa7 e3 43. fxe3 Rxe3 44. Kf2 Re6 45. a4 Rf4+ 46. Kg2 Rb4 47. a5 b5 48. a6 Rxb3 49. h4 Ra3 50. Rb7 Rexa6 51. Rxb5 Ra2+ 52. Kh3 Rf2 53. g5 h5 54. Rb3 Raa2 55. Ne4 Rh2+ 56. Kg3 Rag2+ 57. Kf3 Rh3+ 58. Kxg2 Rxb3 59. Nc5 Re3 60. Nd7 Kf7 61. Kf2 Re4 62. Kg3 Ke6 63. Nc5+ Kf5 64. Nd7 Re3+ 0-1

[Event "DEN-chB"]
[Site "Svendborg"]
[Date "2021.10.22"]
[Round "5"]
[White "Nilssen, Ellen Fredericia"]
[Black "Thorsbro, Peter"]
[Result "0-1"]
[WhiteElo "2081"]
[BlackElo "2171"]
[PlyCount "80"]
[EventDate "2021.10.18"]
[EventType "swiss"]
[EventRounds "7"]
[EventCountry "DEN"]
[SourceTitle "EXT 2023"]
[Source "ChessBase"]
[SourceDate "2022.10.05"]
[SourceVersion "1"]
[SourceVersionDate "2022.10.05"]
[SourceQuality "1"]

1. d4 f5 2. Nf3 Nf6 3. g3 d6 4. Bg2 g6 5. b3 Bg7 6. Bb2 0-0 7. 0-0 Ne4 8. Nbd2 Nc6 9. e3 e5 10. Nc4 exd4 11. Nxd4 Ne5 12. Nxe5 Bxe5 13. f3 Nc5 14. c4 a5 15. Rf2 Qe7 16. Re2 Bd7 17. Qc2 a4 18. Rae1 axb3 19. axb3 Ra2 20. Qb1 Rfa8 21. Kh1 Qg7 22. b4 Nb3 23. f4 Nxd4 24. exd4 Bf6 25. Bxb7 R8a7 26. Bd5+ Kf8 27. Qd3 c6 28. Bg2 Qf7 29. b5 d5 30. bxc6 Bxc6 31. cxd5 Bxd5 32. Re8+ Kg7 33. R8e2 Bc4 34. Qf3 Bxe2 35. Rxe2 Re7 36. Rf2 Re1+ 37. Bf1 Rb1 38. Bc3 Rxf2 39. Qxf2 Qc4 40. Be1 Bxd4 0-1